000 02046nam0a2200277 4500
001 RU\NLR\BIBL_A\022303444
005 20260406131740.0
035 _a(NLR Aleph) 022303444
090 _a13324269
_c13324269
100 _a20240820d1958 |||y0rusy50 ca
101 0 _akhk
_crus
102 _aRU
105 _ay z 000 y
181 0 _ai
_baxxe
182 0 _an
200 1 _aКолхоз стройын мыннанъ мындар ӧскiрерденъер паза машинно-тракторнай станцияларны хатап пӱдiрерденъер.
_e27 паза 31 мартта 1958 ч. СССР-нынъ Верховнай Соведiнiнъ пизiнӌi хығыртиинынъ пастағы сессиязындағы доклад паза заключительнай сӧс.
_aКолхоз стройын мыннанъ мындар ӧскiрерденъер паза машинно-тракторнай станцияларны хатап пӱдiрерденъер закон.
_fН. С. Хрущев
_gпер. К. С. Добров
203 _aТекст
_bвизуальный
_cнепосредственный
210 _aАбакан
_cХакасиядағы книга издательствозы
_d1958
215 _a75 с.
_d40
541 1 _aО дальнейшем развитии колхозного строя и реорганизации машинно-тракторных станций. Доклад и заключительное слово на первой сессии Верховного Совета СССР пятого созыва 27 и 31 марта 1958 г.. Закон о дальнейшем развитии колхозного строя и реорганизации машинно-тракторных станций.
_zrus
686 1 _aТ3(2)73-8Хрущев Н.С.
700 1 _4070
_8rus
_7ca
_aХрущев
_bН. С.
_f1894-1971
_gНикита Сергеевич
_3RU\NLR\AUTH\771599
_9111620
852 _aNLR
_bОНЛ
_jХакас./2-141
942 _cBOOK
980 _aNB